| 000 | 004470000a22001690004500 | ||
|---|---|---|---|
| 003 | MACL | ||
| 005 | 20151227130708.0 | ||
| 008 | 151227b xxu||||| |||| 00| 0 eng d | ||
| 040 |
_aMACL _cMACL |
||
| 041 | _aEnglish | ||
| 082 | _a020/JAI | ||
| 100 |
_aJain, T C _923130 |
||
| 245 | _aProfessional Associattions and Development of Librarianship | ||
| 260 |
_bMetropolitan Book _c1971 |
||
| 650 |
_aLib. Science _923160 |
||
| 942 |
_cBK _k020/jai _2ddc |
||
| 999 |
_c35881 _d35881 |
||